LDR 00832naa#a2200205#i#450# 001 EN\\bibl\117961 005 20260514103122.4 011 ## _a2500-4026 100 ## _a20251230b2025####ek#y0engy0150####ca 101 0# _aRUS 102 ## _aRU 200 1# _aANALYSIS OF FACTORS INFLUENCING FIREFIGHTER INJURIES _eJournal article 210 1# _aZheleznogorsk _cFSBEE HE Siberian Fire and Rescue Academy EMERCOM of Russia _d2025 215 ## _a9 с. 608 ## _aJournal article _2local 675 ## _aРезультаты, последствия несчастных случаев. 614.0.06 _aМеры по предотвращению несчастных случаев в зданиях. Строительная полиция. 351.785 _zRUS 700 #1 _aOsmanov _gSH A 700 #1 _aKlyuy _gV V 700 #1 _aZavyalov _gD E 856 4# _aapbt-sibpsa.editorum.ru _u